<?xml version="1.0" encoding="UTF-8"?><?xml-stylesheet type="text/xsl" href="static/style.xsl"?><OAI-PMH xmlns="http://www.openarchives.org/OAI/2.0/" xmlns:xsi="http://www.w3.org/2001/XMLSchema-instance" xsi:schemaLocation="http://www.openarchives.org/OAI/2.0/ http://www.openarchives.org/OAI/2.0/OAI-PMH.xsd"><responseDate>2026-06-06T00:41:19Z</responseDate><request verb="GetRecord" identifier="oai:riuma.uma.es:10630/12697" metadataPrefix="marc">https://riuma.uma.es/rest/oai/request</request><GetRecord><record><header><identifier>oai:riuma.uma.es:10630/12697</identifier><datestamp>2026-02-03T10:20:05Z</datestamp><setSpec>com_10630_1685</setSpec><setSpec>col_10630_38055</setSpec></header><metadata><record xmlns="http://www.loc.gov/MARC21/slim" xmlns:dcterms="http://purl.org/dc/terms/" xmlns:doc="http://www.lyncode.com/xoai" xmlns:xsi="http://www.w3.org/2001/XMLSchema-instance" xsi:schemaLocation="http://www.loc.gov/MARC21/slim http://www.loc.gov/standards/marcxml/schema/MARC21slim.xsd">
   <leader>00925njm 22002777a 4500</leader>
   <datafield ind2=" " ind1=" " tag="042">
      <subfield code="a">dc</subfield>
   </datafield>
   <datafield ind2=" " ind1=" " tag="720">
      <subfield code="a">Estévez-Alcázar, Natalia</subfield>
      <subfield code="e">author</subfield>
   </datafield>
   <datafield ind2=" " ind1=" " tag="260">
      <subfield code="c">2017-01-18</subfield>
   </datafield>
   <datafield ind2=" " ind1=" " tag="520">
      <subfield code="a">El presente trabajo recoge una investigación, realizada en Proyecto Hombre, lugar donde he&#xd;
realizado mis  prácticas  educativas durante tres  años  consecutivos con el fin de ampliar mis&#xd;
conocimientos en el ámbito social y en el mundo de la drogadicción. &#xd;
En el proceso de un usuario de Proyecto Hombre intervienen varios pilares fundamentales sin los&#xd;
cuales sería imposible terminar dicho programa. Uno de estos pilares fundamentales es la familia y,&#xd;
es por eso por lo que me centro en  realizar una evaluación cruzada para ver cómo cambian las&#xd;
relaciones afectivo-familiares desde que un usuario entra a realizar el programa de Proyecto&#xd;
Hombre, hasta que sale, teniendo muy en cuenta también la opinión de los familiares.&#xd;
Para la consecución de dicho objetivo he utilizado la técnica de la entrevista con el fin de&#xd;
conocer las experiencias de estas personas a lo largo de sus trayectorias vitales así como de las&#xd;
expectativas que tienen respecto a su futuro y así poder realizar un análisis más profundo de la&#xd;
información recopilada.</subfield>
   </datafield>
   <datafield ind1="8" ind2=" " tag="024">
      <subfield code="a">http://hdl.handle.net/10630/12697</subfield>
   </datafield>
   <datafield tag="653" ind2=" " ind1=" ">
      <subfield code="a">Educación - Trabajos Fin de Grado</subfield>
   </datafield>
   <datafield tag="653" ind2=" " ind1=" ">
      <subfield code="a">Educación Social - Trabajos Fin de Grado</subfield>
   </datafield>
   <datafield tag="653" ind2=" " ind1=" ">
      <subfield code="a">Toxicomanía</subfield>
   </datafield>
   <datafield tag="653" ind2=" " ind1=" ">
      <subfield code="a">Toxicómanos</subfield>
   </datafield>
   <datafield ind2="0" ind1="0" tag="245">
      <subfield code="a">Investigación sobre las relaciones afectivo-familiares en Proyecto Hombre.</subfield>
   </datafield>
</record>
</metadata></record></GetRecord></OAI-PMH>